| 000 | 00783cam a2200241 a 4500 | ||
|---|---|---|---|
| 001 | 000001641 | ||
| 005 | 20200929145640.0 | ||
| 008 | 841203s1970 sp 000 f spa | ||
| 040 |
_aDO-SdBNP _bspa _cBNPHU |
||
| 041 | 1 | 7 |
_aspa _hfre _2código de idioma Marc |
| 082 |
_a843.8 _bD886t |
||
| 100 | 1 |
_aDumas, Alexandre, _d1802-1870 _93715 |
|
| 240 | 1 | 4 |
_aLes Trois Mousquetaires. _lEspañol |
| 245 | 1 | 4 |
_aLos tres mosqueteros / _cAlejandro Dumas ; traductor, Alejandro Ferrer. |
| 260 |
_aBarcelona : _bBruguera, _c1970. |
||
| 300 |
_a893 p. ; _c18 cm. |
||
| 534 |
_aTítulo original: _tLes Trois Mousquetaires |
||
| 650 | 4 |
_aNovela francesa _91075 |
|
| 650 | 4 |
_aLiteratura francesa _91074 |
|
| 700 | 1 |
_aFerrer, Alejandro, _etr. _95361 |
|
| 910 | _aCatalogación derivada | ||
| 910 | _aWM | ||
| 999 |
_c1529 _d1529 |
||